Score 0/7 Timer 03:00
2 Plays Today
Question Answer Wrong Answers
Fronted by Jerry Garcia, this band plays its first show with its new name after abandoning the original moniker of 'The Warlocks.'
1965
The Grateful Dead
85.8%
The Doors
4%
The Kinks
4.7%
Jefferson Airplane
4.1%
US President George H.W. Bush dispatches American troops to the Port of Mogadishu to conduct humanitarian operations during this country's civil war.
1992
Somalia
75.4%
Sudan
6.5%
Iraq
10.6%
Ethiopia
5.8%
The NBA suspends Latrell Sprewell for an entire year after he did this to his coach, P. J. Carlesimo.
1997
Choked him
73.5%
Stole his car
5.4%
Stabbed him
11.6%
Vandalized his home
7.8%
This American actor, winner of the Academy Award for Best Actor for the 2009 film Crazy Heart, is born in Los Angeles.
1949
Jeff Bridges
72.8%
Daniel Day-Lewis
11.5%
Eddie Redmayne
3.9%
Sean Penn
11.2%
This trophy is awarded to the University of Toronto Varsity Blues in the first ever Canadian Football Championship.
1909
The Grey Cup
60.4%
The Claret Jug
7.4%
The Larry O’Brien Trophy
11.4%
The Walker Cup
20.8%
This English philosopher, known for his book Leviathan and his influential work on social contract theory, dies in Derbyshire at age 91.
1679
Thomas Hobbes
44.3%
John Locke
33.8%
Immanuel Kant
11.3%
David Hume
10.5%
The Beatles release this, their fourth studio album, featuring songs such as Eight Days a Week and No Reply.
1964
Beatles for Sale
19.7%
Help!
49.7%
Revolver
23.8%
With the Beatles
6%
Remove Ads.
Support Sporcle.
Get the best of Sporcle when you Go Orange. This ad-free experience offers more features, more stats, and more fun while also helping to support Sporcle. Thank you for becoming a member.

You're not logged in!

Compare scores with friends on all Sporcle quizzes.
OR
Log In

Show Comments

Extras

Top Quizzes Today


Score Distribution

Your Account Isn't Verified!

In order to create a playlist on Sporcle, you need to verify the email address you used during registration. Go to your Sporcle Settings to finish the process.

Report this User

Report this user for behavior that violates our Community Guidelines.

Details: